000 00761nam a2200205 i 4500
001 20165
003 ES-MaACL
005 20230906152240.0
007 t|
008 021107q1860 sp a |||| | spa d
110 2 _aFundición Tipográfica de Aguado.
_9165076
245 1 0 _aMuestrario 5º de la Fundición Tipográfica de Aguado.
260 _aMadrid :
_bFundición Tipográfica de Juan Aguado,
_c[1860?]
300 _a1 v. (pag. var.) :
_bil. ;
_c39 cm.
530 _aDisponible en formato digital.
596 _aPalau, X, 303, lo supone impreso en 1860.
610 2 4 _aFundición Tipográfica de Aguado-
_vCatálogos.
_9165077
852 _aES-MaACL
_jC-1067
856 _uhttp://bdh-rd.bne.es/viewer.vm?id=0000012353&page=1
_zBiblioteca Digital Hispánica
999 _c20165
_d20165